000 00647nam a2200229Ia 4500
003 GCL
008 140319s9999 xx 000 0 ara d
040 _aGCL /
_cGCL
082 0 4 _a709.04
_bم م
100 1 _aفخرى خليل (مترجم)
245 1 0 _aمئة عام من الرسم الحديث /
_cفخرى خليل (مترجم)
700 1 _aمولر,جى.اى
700 1 _aايلغر، فرانك
300 _a175 ص
490 _a
650 0 4 _aالفن
650 0 4 _aالفنون التشكيلية
650 0 4 _aالفن الحديث
650 0 4 _aالسيريالية
650 0 4 _aالانطباعية
942 _2ddc
_cBK
999 _c44448
_d44448